Zvýšenie dôchodkov v roku 1996

Bibliographic Details
Main Author: Bolješiková, Jindra (Author)
Format: Article
Language:Slovak
Subjects:

MARC

LEADER 00000nab a2200000 a 4500
001 vtls000609891
003 SK-MaSNL
005 20260304095257.0
008 250425c1996 xo 0 slo
015 |a SNBRB19rr/mm-uuuuu 
035 |a CL0610030 
035 |a urn:nbn:sk:snk-ab76gd 
035 |a (uuid)61beb28e-92db-40dc-85b9-ca8e30dcc1f4 
035 |a (urnnbn)urn:nbn:sk:snk:ar-a071p1 
035 |a (sysno)vtls000609891 
040 |a SNKBUCL  |b slo  |c SNKBUCL  |e AACR2 
041 0 |a slo 
044 |a xo  |c SK 
080 |a 362.62(437.6)  |2 1981 
080 |a 331.25(437.6)  |2 1981 
100 1 |a Bolješiková, Jindra  |4 aut  |9 892020 
245 1 0 |a Zvýšenie dôchodkov v roku 1996  |c Jindra Bolješiková 
650 0 7 |a dôchodky  |2 snkbucl  |9 14684 
655 7 |a články z novín a časopisov  |2 snkbucl  |9 267496 
773 0 |t Mzdy a financie  |g Č. 10-11 (1996), s. 167-173 
850 |a Slovenská národná knižnica 
852 |a Slovenská národná knižnica 
954 |a odborná, vedecká literatúra pôvodná (slovenská)  |2 lita 
958 |a article27 
958 |a SK 
958 |a RK 
958 |a OND 
958 |a EUIPO 
999 |c 2831813  |d 2833743